00905nam a2200181Ia 4500008004100000020001800041050002300059100002100082245009500103250001000198260004200208300002600250500010200276650012800378952010000506952010000606999001700706120721s9999 xx 000 0 und d a970-26-0365-X aHG4026 C3718 c2003 aCarlberg, Conrad aAnálisis de los negocios con Excel XP / Conrad Carlberg ; tr. Laura Fernández Enriquez a2a ed aMéxico : Pearson Educación, c2003 a489 p. : il. ; 23 cm. aIncluye sitio web.--Versión al español del libro: Business Analysis with Microsfot Excel 2002 a1. Sociedades anónimas 2. Sociedades anónimas - Finanzas - Programas de computadoras 3. Microsoft Excel para WindowsÌ 00104070a08b08d2009-02-25l0oHG4026 C3718 C2003p08 000856r2012-07-20t2w2012-07-20yLB 00104070a08b08d2008-12-17l0oHG4026 C3718 C2003p08 000857r2012-07-20t1w2012-07-20yLB c81241d81241